al-Fi'l fi al-lughatayn al-'Arabiyah wa-al-Maliziyah : dirasah fi al-tahlil al-taqabuli /
Saved in:
| Main Author: | |
|---|---|
| Format: | Unknown |
| Language: | Arabic |
| Subjects: | |
| Tags: |
Add Tag
No Tags, Be the first to tag this record!
|
| LEADER | 013840000a22003370004500 | ||
|---|---|---|---|
| 001 | 180029 | ||
| 005 | 20230420094408.0 | ||
| 008 | 991125s1999 jo g m 000 0 ara c | ||
| 035 | |a 567657 | ||
| 035 | |a (Sirsi) 180029 | ||
| 040 | |a UIAM |b eng |e rda | ||
| 050 | 0 | |a PJ6145 | |
| 100 | 0 | |a Nafi @ Hanafi Dollah, |e author |9 112570 | |
| 245 | 0 | 3 | |a al-Fi'l fi al-lughatayn al-'Arabiyah wa-al-Maliziyah : |b dirasah fi al-tahlil al-taqabuli / |c i'dad Nafi Hanafi bin Dullah |
| 246 | 3 | |a Verb in Arabic and Malay languages : a contrastive study | |
| 264 | |a 'Amman : |b al-Jami'ah al-Urduniyah, Kulliyat al-Dirasat al-'Ulya, |c 1999 | ||
| 300 | |a 377 pages ; |c 30 cm. | ||
| 336 | |2 rdacontent |a text | ||
| 337 | |2 rdamedia |a unmediated | ||
| 338 | |2 rdacarrier |a volume | ||
| 500 | |a Includes bibliographical references (pages 356-375) and indexes. | ||
| 504 | |a (Ph. D.)--al-Jami'ah al-Urduniyah, Kulliyat al-Dirasat al-'Ulya, 1999 | ||
| 650 | 0 | |a Arabic language |x Verb |9 26932 | |
| 650 | 0 | |a Malay language |x Verb |9 35383 | |
| 650 | 0 | |a Arabic language |x Grammar, Comparative Malay |9 35254 | |
| 650 | 0 | |a Malay language |x Grammar, Comparative Arabic |9 35384 | |
| 655 | 0 | 7 | |a Theses, non-IIUM |
| 900 | |a abb-Az | ||
| 942 | |2 lcc |n 0 | ||
| 999 | |c 431311 |d 462802 | ||
| 952 | |0 0 |6 T PJ 006145 N146F 1999 |7 0 |8 THESES |9 751059 |a IIUM |b IIUM |c MULTIMEDIA |g 0.00 |o t PJ 6145 N146F 1999 |p 00000567658 |r 2017-10-20 |t 1 |v 0.00 |y THESIS | ||
